Los cálculos numéricos en la Química analítica cualitativa / (Record no. 32826)
[ view plain ]
| 000 -LEADER | |
|---|---|
| campo de control de longitud fija | 00512nam a2200157 i 4500 |
| 001 - NÚMERO DE CONTROL | |
| campo de control | 32826 |
| 003 - IDENTIFICADOR DE NÚMERO DE CONTROL | |
| campo de control | ES-MaACL |
| 005 - FECHA Y HORA DE LA ÚLTIMA TRANSACCIÓN | |
| campo de control | 20230906154637.0 |
| 007 - CAMPO FIJO DE DESCRIPCIÓN FÍSICA--INFORMACIÓN GENERAL | |
| campo de control de longitud fija | t| |
| 008 - DATOS DE LONGITUD FIJA--INFORMACIÓN GENERAL | |
| campo de control de longitud fija | 030131s1952 sp ||||1| spa d |
| 100 1# - ENTRADA PRINCIPAL--NOMBRE DE PERSONA | |
| Nombre de persona | Bermejo Martínez, Francisco. |
| 9 (RLIN) | 28112 |
| 245 14 - MENCIÓN DEL TÍTULO | |
| Título | Los cálculos numéricos en la Química analítica cualitativa / |
| Mención de responsabilidad, etc. | por Francisco Bermejo Martínez. |
| 260 ## - PUBLICACIÓN, DISTRIBUCIÓN, ETC. | |
| Lugar de publicación, distribución, etc. | Santiago de Compostela : |
| Nombre del editor, distribuidor, etc. | [s.n., |
| Fecha de publicación, distribución, etc. | 1952] ( |
| Fabricante | Imp. Trufero) |
| 300 ## - DESCRIPCIÓN FÍSICA | |
| Extensión | 126 p. ; |
| Dimensiones | 21 cm. |
| 852 ## - LOCALIZACIÓN | |
| Ubicación | ES-MaACL |
| Número de control de estantería | D-9305 |
| Sublocalización o colección | R.34580 |
| Estatus retirado | Estado de pérdida | Estado de daño | No para préstamo | Biblioteca de origen | Biblioteca actual | Ubicación en estantería | Fecha de adquisición | Fuente de adquisición | Total de préstamos | Signatura topográfica completa | Código de barras | Visto por última vez | Precio de reemplazo | Tipo de ítem Koha |
|---|---|---|---|---|---|---|---|---|---|---|---|---|---|---|
| Biblioteca del Ateneo de Madrid | Biblioteca del Ateneo de Madrid | Sala Valle Inclán | 17/01/2008 | D-9305 | 901034072 | 23/02/2023 | 23/02/2023 | Libro impreso |
